000 01538nkm a2200337 i 4500
001 3580
003 ES-MaACL
005 20250713062753.0
007 khrbo
008 051121s1985 sp --- g |001||spa d
100 0 _aAlfonso,
_d1902-1990
_919858
245 1 0 _aSolidaridad con el pueblo iraní [
_hFotografía] /
_cAlfonso (sello).
260 _a[S.l. :
_bs.n.],
_c1985.
300 _a8 fot. :
_bb. y n. ;
_c12 x 18 cm.
490 1 _aFiesta del 15º aniversario de la organización de los fedayines del pueblo iraní
500 _aDatos basados en invitación.
511 0 _aIntervienen: Jesús Vicente Chamorro, Chang Rok Moon, Sang Joon Kim, Felipe Lara, Ramón Llorente.
518 _aActo organizado por el Ateneo de Madrid, celebrado en el salón de actos el sábado, 9 de febrero de 1985, a las 19:00 h.
600 1 4 _aVicente Chamorro, Jesús.
_9114352
600 1 4 _aRok Moon, Chang.
_999118
600 1 4 _aJoon Kim, Sang.
_966889
600 1 4 _aLara, Felipe
_c1945-
_9154938
600 1 4 _aLlorente, Ramón
_972909
610 2 4 _aAteneo de Madrid-
_xActos culturales-
_y1985-
_vFotografías.
_91900
710 2 _aAteneo de Madrid.
_91875
830 0 _aFiesta del 15º aniversario de la organización de los fedayines del pueblo iraní
_9227659
852 _aES-MaACL
_jFOT 144/1985
856 4 _uhttp://www.ateneodemadrid.net/biblioteca_digital/imagenes/1985/0144_01-1985.jpg
_zVer imagen
856 4 _uhttp://www.ateneodemadrid.net/biblioteca_digital/imagenes/1985/0144_02-1985.jpg
_zVer imagen
999 _c3580
_d3580